1518 1158 1205 1197 1482 1963 1225 1746 1617 1134 1203 1737 1873 1058 1227 1229 1053 1621 1695 1855 1338 1438 1221 1466 1690 1550 1364 1034 1366 1504 1398 1338 1122 1710 1776 1995 1381 1678 1616 1441 1743 1199 1276 1343 1327 1235 1581 1177 1532 1520 1451 1422 1948 1436 1243 1870 1868 1093 1303 1787 1283 1357 1596 1567 1421 1436 1602 1706 1958 1112 1019 1186 1050 1031 1716 1986 1841 1864 1876 1565 1518 1169 1859 1670 1016 1016 1764 1924 1482 1169 1774 1197 1496 1051 1492 1669 1617 1130 1714 BCNSPRNW ULIB Ver.6.0+V

เปลี่ยนเป็นภาษาไทย

Change to English
 แสดงรายละเอียดบรรณานุกรม
  กลับหน้าหลัก

Brief Record : Get Marc (ISO 2709) : E-mail record : QR code < ปิดหน้าต่าง
LEADER : 00000nam 2200000uu 4500
001    13399128911
003     ULIB
008    241028s2023||||th 000 0 tha d
020    ^a9780702081910
060 04 ^aWQ165^bJ68S
100 1  ^aJohnson, Ruth
245 10 ^aSkills for midwifery practice /^cRuth Johnson, WendyTaylor
250    ^a5th ed.
260    ^aEdinburgh :^bElsevier/Churchill Livingstone,^c2023
300    ^aix, 368 p. :^bill. ;^c25 cm.
504    ^aIncludes bibliographical references and index
650  2 ^aMidwifery^xmethods^vHandbooks
700 1  ^aTaylor, Wendy,^d1956-
945    ^p1793^l0^i011158
999    ^aประนอม เกษจรัล
รายการนี้ยังไม่มีแท็ก
คุณยังไม่ได้ล็อกอิน คุณสามารถมีกิจกรรมร่วมกับเว็บไซต์ได้ แต่ต้องล็อกอินก่อน ::
  ล็อกอิน

รายการสื่อสารสนเทศ

ลำดับที่ ประเภท เลขเรียก/บาร์โค้ด สถานที่ สถานะ
1. วิทยาศาสตร์การแพทย์ และสุขภาพ
หนังสือสำรอง
สถานะ=หนังสือสำรอง
WQ165 J68S ฉ.1 
  Barcode: 011158
ห้องสมุดวิทยาเขตสวรรค์ประชารักษ์
►หนังสือทั่วไป
บนชั้น

รายการใกล้เคียง
    ผู้แต่ง [Johnson, Ruth]

BibComment


ยังไม่เคยถูกคอมเมนท์

คอมเมนท์ทรัพยากรรายการนี้
  คอมเมนท์: Skills for midwi..


 Copyright 2026. Bcnsprnw @Library